Countries of the World by Borders in 6 European Languages - Statistics

General Stats
  • This quiz has been taken 376 times
  • The average score is 527 of 1176
Answers on the Map
Answers color-coded by a green-red scale on the quiz's map according to % correct below.
 
Answer Stats
Hint Hint Country % Correct
577 52 Russia
97%
487.6 125 Azerbaijão
96%
615 140.9 China
96%
615 140.9 Cina
96%
386 105 France
96%
577 52 Rússia
96%
423.6 87.1 Poland
95%
487.6 125 Azerbaijan
94%
533 100 Cazaquistão
94%
665.7 127 Coréia do Norte
94%
437 52 Finland
94%
533 100 Kazakhstan
94%
614.2 104.1 Mongolia
94%
614.2 104.1 Mongólia
94%
665.7 127 North Korea
94%
401.7 57 Norway
94%
577 52 Russia
94%
450.6 96 Ukraine
94%
443.4 81.2 Belarus
93%
266 294 Brazil
93%
450.6 96 Ucraina
93%
487.6 125 Azerbaijan
92%
443.4 81.2 Bielorussia
92%
143 66 Canada
92%
437 52 Finlândia
92%
479 120 Georgia
92%
434.3 76.3 Lithuania
92%
434.3 76.3 Lituania
92%
401.7 57 Noruega
92%
423.6 87.1 Polonia
92%
423.6 87.1 Polônia
92%
450.6 96 Ucrânia
92%
153 129 United States
92%
443.4 81.2 Bielorrússia
91%
143 66 Canada
91%
153 129 Etats-Unis
91%
437 52 Finlandia
91%
533 100 Kazakistan
91%
438 70.6 Latvia
91%
438 70.6 Lettonia
91%
434.3 76.3 Lituânia
91%
151 182 Mexico
91%
614.2 104.1 Mongolia
91%
401.7 57 Norvegia
91%
153 129 Stati Uniti
91%
254.4 248.1 Suriname
91%
615 140.9 China
90%
665.7 127 Corea del Nord
90%
439 64.8 Estonia
90%
439 64.8 Estônia
90%
479 120 Georgia
90%
479 120 Geórgia
90%
438 70.6 Letónia
90%
535.7 164.2 Pakistan
90%
372 127.5 Spain
90%
535.7 164.2 Pakistán
89%
535.7 164.2 Paquistão
89%
266 294 Brasil
88%
404 89.9 Germany
88%
556 185.9 India
88%
556 185.9 Índia
88%
398.4 103.5 Switzerland
88%
597 188.5 Birmânia
86%
615 140.9 China
86%
597 188.5 Myanmar
86%
569.8 166.5 Nepal
86%
577 52 Russland
86%
584.1 169.4 Bhutan
85%
236 319 Bolivia
85%
584.1 169.4 Bután
85%
584.1 169.4 Butão
85%
216.3 247.5 Colombia
85%
386 105 France
85%
419.3 172.9 Libya
85%
535.7 164.2 Pakistan
85%
577 52 Rusia
85%
234 373 Argentina
84%
266 294 Brasil
84%
153 129 Estados Unidos
84%
556 185.9 India
84%
535.7 164.2 Pakistan
84%
208 292 Peru
84%
384 118.7 Andorra
83%
391 91 Belgium
83%
236 319 Bolívia
83%
236 319 Bolivia
83%
266 294 Brésil
83%
386 105 Francia
83%
143 66 Kanada
83%
151 182 Mexique
83%
248.9 339.7 Paraguay
83%
254.9 370.2 Uruguay
83%
232 235 Venezuela
83%
153 129 Vereinigte Staaten
83%
528 149.2 Afghanistan
82%
216.3 247.5 Colômbia
82%
216.3 247.5 Colombia
82%
248 242 Guyana
82%
394.3 94.2 Luxembourg
82%
151 182 Messico
82%
151 182 Mexiko
82%
569.8 166.5 Nepal
82%
208 292 Peru
82%
208 292 Perú
82%
377 86 United Kingdom
82%
234 373 Argentina
81%
416.4 124.2 Italy
81%
533 100 Kazajistán
81%
393 86.9 Netherlands
81%
528 149.2 Afeganistão
80%
234 373 Argentina
80%
584.1 169.4 Bhutan
80%
597 188.5 Birmania
80%
266 294 Brasile
80%
143 66 Canadá
80%
448.5 209.5 Sudan
80%
528 149.2 Afganistán
79%
427.6 239 Central African Republic
79%
615 140.9 Chine
79%
153 129 Estados Unidos
79%
556 185.9 Indien
79%
151 182 México
79%
366 153.5 Morocco
79%
403.3 203.9 Niger
79%
414.2 100.9 Austria
78%
614.2 104.1 Mongolia
78%
248.9 339.7 Paraguay
78%
449.6 239.5 South Sudan
78%
398.4 103.5 Suisse
78%
384.2 167.2 Algeria
77%
583 181.8 Bangladés
77%
236 319 Bolivien
77%
422.6 209.4 Chad
77%
372 127.5 Espagne
77%
419.3 172.9 Libia
77%
427.6 239 República Centroafricana
77%
254.9 370.2 Uruguay
77%
232 235 Venezuela
77%
384.2 167.2 Algeria
76%
583 181.8 Bangladesh
76%
266 294 Brasilien
76%
143 66 Canadá
76%
433 267.2 Democratic Republic of the Congo
76%
533 100 Kasachstan
76%
216.3 247.5 Kolumbien
76%
377 202.2 Mali
76%
151 182 México
76%
403.3 203.9 Niger
76%
208 292 Peru
76%
254.4 248.1 Suriname
76%
232 235 Venezuela
76%
597 188.5 Birma
75%
407 247 Cameroon
75%
419.3 172.9 Libia
75%
248.9 339.7 Paraguai
75%
562 235.3 Sri Lanka
75%
236 319 Bolivia
74%
218 384 Chile
74%
216.3 247.5 Colombia
74%
665.7 127 Corea del Norte
74%
447 171.3 Egypt
74%
416.4 124.2 Italie
74%
614.2 104.1 Mongolei
74%
665.7 127 Nordkorea
74%
416.9 260.5 Republic of the Congo
74%
438 310 Zambia
74%
420 301.2 Angola
73%
422.6 209.4 Chad
73%
414 93.8 Czech Republic
73%
248 242 Guyana
73%
363 82.5 Ireland
73%
569.8 166.5 Nepal
73%
403.3 203.9 Níger
73%
361.7 127.6 Portugal
73%
577 52 Russie
73%
448.5 209.5 Sudán
73%
449.6 239.5 Sud Sudan
73%
545.2 133.5 Tajikistan
73%
459.1 282.5 Tanzania
73%
453.1 256.6 Uganda
73%
254.9 370.2 Uruguai
73%
404 89.9 Allemagne
72%
407 247 Camerún
72%
386 105 França
72%
433 267.2 República Democrática do Congo
72%
447.8 267.7 Rwanda
72%
460.3 130.6 Turkey
72%
438 310 Zâmbia
72%
438 310 Zambia
72%
420 301.2 Angola
71%
391 91 Belgique
71%
447.8 272.6 Burundi
71%
218 384 Chile
71%
372 127.5 España
71%
248 242 Guiana
71%
501.3 152.5 Iran
71%
478.8 149.9 Iraq
71%
548 122 Kirguistán
71%
208 292 Perù
71%
433 267.2 Repubblica Democratica del Congo
71%
433 267.2 República Democrática del Congo
71%
449.6 239.5 Sudán del Sur
71%
254.4 248.1 Surinam
71%
438 310 Zambia
71%
438 310 Zambie
71%
420 301.2 Angola
70%
584.1 169.4 Bhutan
70%
218 384 Cile
70%
548 122 Kyrgyzstan
70%
610.3 194.9 Laos
70%
394.3 94.2 Luxembourg
70%
403.3 203.9 Níger
70%
427.6 239 Repubblica Centrafricana
70%
545.2 133.5 Tayikistán
70%
384 118.7 Andorre
69%
384.2 167.2 Argélia
69%
419.3 172.9 Libyen
69%
354 195.5 Mauritania
69%
403.3 203.9 Niger
69%
393 86.9 Pays-Bas
69%
433 267.2 République démocratique du Congo
69%
545.2 133.5 Tadschikistan
69%
384.2 167.2 Algérie
68%
420 301.2 Angola
68%
384.2 167.2 Argelia
68%
470 234.2 Ethiopia
68%
177.4 210 Guatemala
68%
610.3 194.9 Laos
68%
377 202.2 Mali
68%
416.9 260.5 Repubblica del Congo
68%
416.9 260.5 República del Congo
68%
416.9 260.5 République du Congo
68%
459.1 282.5 Tanzania
68%
459.1 282.5 Tanzânia
68%
624.3 219.9 Vietname
68%
234 373 Argentina
67%
180.9 203.6 Belize
67%
407 247 Cameroun
67%
204 265.5 Ecuador
67%
204 265.5 Equador
67%
177.4 210 Guatemala
67%
377 202.2 Mali
67%
377 202.2 Malí
67%
354 195.5 Mauritania
67%
535.7 164.2 Pakistan
67%
416.9 260.5 República do Congo
67%
447.8 267.7 Ruanda
67%
449.6 239.5 Soudan du Sud
67%
459.1 282.5 Tanzanie
67%
460.3 130.6 Turquia
67%
453.1 256.6 Uganda
67%
480.5 125 Armênia
66%
180.9 203.6 Belice
66%
447.8 272.6 Burundi
66%
407 247 Camarões
66%
422.6 209.4 Ciad
66%
204 265.5 Ecuador
66%
470 234.2 Etiopia
66%
501.3 152.5 Iran
66%
478.8 149.9 Iraque
66%
377 202.2 Mali
66%
403.3 203.9 Niger
66%
453.1 256.6 Ouganda
66%
248.9 339.7 Paraguay
66%
447.8 267.7 Ruanda
66%
453.1 256.6 Uganda
66%
624.3 219.9 Vietnam
66%
384.2 167.2 Algerien
65%
234 373 Argentinien
65%
447.8 272.6 Burundi
65%
447 171.3 Egipto
65%
501.3 152.5 Irán
65%
501.3 152.5 Irão
65%
419.3 172.9 Líbia
65%
427.6 239 República Centro-Africana
65%
427.6 239 République Centrafricaine
65%
422.6 209.4 Tschad
65%
528 149.2 Afghanistan
64%
447 171.3 Ägypten
64%
377 219 Burkina Faso
64%
407 247 Camerun
64%
204 265.5 Ecuador
64%
466.3 209.2 Eritrea
64%
386 105 Frankreich
64%
406.5 264 Gabon
64%
418 328 Namibia
64%
361.7 127.6 Portugal
64%
482.1 179.9 Saudi Arabia
64%
431 365 South Africa
64%
449.6 239.5 Sudão do Sul
64%
470 234.2 Äthiopien
63%
435 336.1 Botswana
63%
401.5 73.5 Denmark
63%
470 234.2 Etiopía
63%
406.5 264 Gabon
63%
406.5 264 Gabón
63%
398 230.8 Nigeria
63%
545.2 133.5 Tajiquistão
63%
460.3 130.6 Turchia
63%
460.3 130.6 Turquía
63%
377 219 Burkina Faso
62%
447.8 272.6 Burundi
62%
501.3 152.5 Iran
62%
398 230.8 Nigeria
62%
447.8 267.7 Rwanda
62%
449.6 239.5 Südsudan
62%
513 130.6 Turquemenistão
62%
447 325 Zimbabwe
62%
528 149.2 Afghanistan
61%
480.5 125 Armenia
61%
437.8 117.9 Bulgaria
61%
216.3 247.5 Colombie
61%
386 105 Francia
61%
501.3 152.5 Iran
61%
548 122 Kirgisistan
61%
419.3 172.9 Libye
61%
423.6 87.1 Polen
61%
548 122 Quirguistão
61%
398.4 103.5 Suiza
61%
254.9 370.2 Uruguay
61%
478.8 149.9 Irak
60%
462.3 158.9 Jordan
60%
533 100 Kazakhstan
60%
467 309.5 Mozambique
60%
413 106.5 Slovenia
60%
448.5 209.5 Sudan
60%
414.3 60.5 Sweden
60%
427.6 239 Zentralafrikanische Republik
60%
406.5 264 Gabão
59%
556 185.9 Inde
59%
459 157 Israel
59%
423.6 87.1 Pologne
59%
372 127.5 Spanien
59%
448.5 209.5 Sudan
59%
398.4 103.5 Svizzera
59%
450.6 96 Ukraine
59%
384 118.7 Andorra
58%
466.3 209.2 Eritrea
58%
478.8 149.9 Iraq
58%
416.4 124.2 Italia
58%
397.2 114.5 Monaco
58%
509.33 187.2 Oman
58%
467 143 Syria
58%
414.2 100.9 Austria
57%
487.6 125 Azerbaiyán
57%
404 89.9 Deutschland
57%
447 171.3 Egitto
57%
466.3 209.2 Eritrea
57%
437 52 Finnland
57%
424.4 103.1 Hungary
57%
487 162.9 Kuwait
57%
401.7 57 Norwegen
57%
513 130.6 Turkmenistan
57%
513 130.6 Turkménistan
57%
232 235 Venezuela
57%
488.3 208.2 Yemen
57%
422.6 209.4 Chade
56%
502 182.5 United Arab Emirates
56%
482.1 179.9 Arabia Saudita
55%
487.6 125 Azerbaïdjan
55%
443.4 81.2 Biélorussie
55%
248 242 Guyana
55%
354 195.5 Mauritânia
55%
354 195.5 Mauritania
55%
354 195.5 Mauritanie
55%
198 232.5 Panama
55%
198 232.5 Panamá
55%
423 98 Slovakia
55%
254.4 248.1 Suriname
55%
422.6 209.4 Tchad
55%
232 235 Venezuela
55%
482.1 179.9 Arabia Saudita
54%
414.2 100.9 Austria
54%
236 319 Bolivie
54%
372 127.5 Espanha
54%
430 129 Greece
54%
436.7 107.1 Romania
54%
398.4 103.5 Schweiz
54%
232 235 Venezuela
54%
234 373 Argentine
53%
487.6 125 Aserbaidschan
53%
414.2 100.9 Áustria
53%
248 242 Guyana
53%
416.4 124.2 Itália
53%
465.8 259.9 Kenya
53%
610.3 247.2 Malaysia
53%
438 310 Sambia
53%
398.4 103.5 Suíça
53%
451.3 350.1 Swaziland
53%
385.7 225 Bénin
52%
366 153.5 Marruecos
52%
398 230.8 Nigeria
52%
398 230.8 Nigéria
52%
361.7 127.6 Portugal
52%
347 212 Senegal
52%
513 130.6 Turkmenistán
52%
450.6 96 Ukraine
52%
443.4 81.2 Weißrussland
52%
635.5 264 Indonesia
51%
354 195.5 Mauretanien
51%
408.5 113.9 San Marino
51%
347 212 Senegal
51%
401 148 Tunisia
51%
460.3 130.6 Turquie
51%
385.7 225 Benim
50%
385.7 225 Benin
50%
385.7 225 Benín
50%
413 106.5 Eslovénia
50%
413 106.5 Eslovenia
50%
248 242 Guyana
50%
444 360.5 Lesotho
50%
398 230.8 Nigeria
50%
413 106.5 Slovenia
50%
513 130.6 Turkmenistan
50%
408.5 120.7 Vatican City
50%
368 235.9 Costa d'Avorio
49%
368 235.9 Costa de Marfil
49%
368 235.9 Côte d'Ivoire
49%
368 235.9 Elfenbeinküste
49%
353.3 224.2 Guiné
49%
353.3 224.2 Guinea
49%
353.3 224.2 Guinée
49%
368 235.9 Ivory Coast
49%
361.7 127.6 Portugal
49%
488 230 Somalia
49%
404 89.9 Alemania
48%
597 188.5 Birmanie
48%
368 235.9 Costa do Marfim
48%
353.3 224.2 Guinea
48%
478.8 149.9 Irak
48%
465.8 259.9 Kenya
48%
418 328 Namibia
48%
398 230.8 Nigeria
48%
703.7 282.4 Papua New Guinea
48%
248.9 339.7 Paraguay
48%
347 212 Sénégal
48%
347 212 Senegal
48%
431 365 Sudafrica
48%
460.3 130.6 Türkei
48%
480.5 125 Armenia
47%
435 336.1 Botswana
47%
192 228 Costa Rica
47%
635.5 264 Indonesia
47%
462.3 158.9 Jordania
47%
429.5 121.7 Macedonia
47%
418 328 Namibia
47%
414.2 100.9 Österreich
47%
198 232.5 Panama
47%
703.7 282.4 Papua Nueva Guinea
47%
495.7 176.2 Qatar
47%
424.4 103.1 Ungheria
47%
420 301.2 Angola
46%
391 91 Belgien
46%
478.8 149.9 Irak
46%
465.8 259.9 Kenia
46%
394.3 94.2 Luxemburg
46%
610.3 247.2 Malásia
46%
610.3 247.2 Malasia
46%
610.3 247.2 Malesia
46%
427.6 113 Serbia
46%
431 365 Südafrika
46%
254.9 370.2 Uruguay
46%
480.5 125 Armenia
45%
435 336.1 Botsuana
45%
437.8 117.9 Bulgaria
45%
433 267.2 Demokratische Republik Kongo
45%
664.3 290.8 East Timor
45%
635.5 264 Indonesia
45%
635.5 264 Indonésia
45%
418 328 Namíbia
45%
569.8 166.5 Népal
45%
198 232.5 Panama
45%
703.7 282.4 Papua Nova Guiné
45%
703.7 282.4 Papua Nuova Guinea
45%
377 86 Reino Unido
45%
467 143 Siria
45%
488 230 Somalia
45%
664.3 290.8 Timor Est
45%
664.3 290.8 Timor Leste
45%
664.3 290.8 Timor Oriental
45%
401 148 Tunisia
45%
482.1 179.9 Arabie Saoudite
44%
465.8 259.9 Quênia
44%
427.6 113 Serbia
44%
414 93.8 Tschechien
44%
254.9 370.2 Uruguay
44%
431 365 Afrique du Sud
43%
480.5 125 Arménie
43%
435 336.1 Botswana
43%
476.4 221.6 Djibouti
43%
470 234.2 Éthiopie
43%
393 86.9 Niederlande
43%
436.7 107.1 Roumanie
43%
431 365 Sudáfrica
43%
254.4 248.1 Suriname
43%
482.1 179.9 Arábia Saudita
42%
435 336.1 Botswana
42%
404 89.9 Germania
42%
424.4 103.1 Hongrie
42%
487 162.9 Kuwait
42%
366 153.5 Marocco
42%
444.4 102 Moldova
42%
423.6 87.1 Polonia
42%
436.7 107.1 Romania
42%
608 207.9 Thailand
42%
418 328 Namibie
41%
509.33 187.2 Omán
41%
423 98 Slowakei
41%
254.4 248.1 Suriname
41%
488.3 208.2 Yemen
41%
447 325 Zimbabue
41%
431 365 África do Sul
40%
480.5 125 Armenien
40%
414.2 100.9 Autriche
40%
665.7 127 Corée du Nord
40%
502 182.5 Emirados Árabes Unidos
40%
470 234.2 Etiópia
40%
488.3 208.2 Iémen
40%
429.5 121.7 Macedonia
40%
614.2 104.1 Mongolie
40%
467 309.5 Mozambique
40%
509.33 187.2 Omã
40%
509.33 187.2 Oman
40%
429.5 121.7 República de Macedonia
40%
408.5 113.9 San Marino
40%
424.4 103.1 Ungarn
40%
488.3 208.2 Yemen
40%
447 325 Zimbabwe
40%
177.4 210 Guatemala
39%
424.4 103.1 Hungría
39%
465.8 259.9 Kenia
39%
548 122 Kirghizistan
39%
487 162.9 Kuwait
39%
610.3 194.9 Laos
39%
434.3 76.3 Lituanie
39%
423.7 117.8 Montenegro
39%
416.9 260.5 Republik Kongo
39%
488 230 Somalia
39%
450.6 96 Ucrania
39%
525 122.5 Uzbekistan
39%
425.5 124 Albania
38%
443.4 81.2 Bielorrusia
38%
476.4 221.6 Djibouti
38%
462.3 158.9 Giordania
38%
177.4 210 Guatemala
38%
184.5 210.7 Honduras
38%
427.5 118.5 Kosovo
38%
438 70.6 Lettonie
38%
610.3 247.2 Malaysia
38%
509.33 187.2 Oman
38%
414 93.8 República Checa
38%
467 143 Siria
38%
488 230 Somália
38%
488 230 Somalie
38%
459.1 282.5 Tansania
38%
488.3 208.2 Yémen
38%
447 325 Zimbabwe
38%
408.5 120.7 Città del Vaticano
37%
408.5 120.7 Ciudad del Vaticano
37%
184.5 210.7 Honduras
37%
465.8 259.9 Kenya
37%
434.3 76.3 Lituania
37%
414.3 60.5 Schweden
37%
408.5 120.7 Vaticano
37%
437.8 117.9 Bulgaria
36%
616 219.1 Cambodia
36%
401.5 73.5 Dänemark
36%
476.4 221.6 Gibuti
36%
416.4 124.2 Italien
36%
548 122 Kirghizistan
36%
438 70.6 Letonia
36%
456 307 Malaui
36%
456 307 Malawi
36%
467 309.5 Mozambico
36%
188.2 218.1 Nicaragua
36%
188.2 218.1 Nicarágua
36%
427.6 113 Serbia
36%
423 98 Slovaquie
36%
624.3 219.9 Viêt Nam
36%
476.4 221.6 Yibuti
36%
447 325 Zimbábue
36%
384 118.7 Andorra
35%
435 336.1 Botswana
35%
418 108 Croatia
35%
180.4 215 El Salvador
35%
616 219.1 Kambodscha
35%
467 309.5 Mozambique
35%
453.1 256.6 Uganda
35%
180.9 203.6 Belize
34%
610.3 194.9 Laos
34%
436.7 107.1 Rumänien
34%
180.4 215 Salvador
34%
372 127.5 Spagna
34%
545.2 133.5 Tadjikistan
34%
404 89.9 Alemanha
33%
384 118.7 Andorra
33%
391 91 Bélgica
33%
180.9 203.6 Belize
33%
447 171.3 Égypte
33%
437 52 Finlande
33%
479 120 Géorgie
33%
407 247 Kamerun
33%
444.4 102 Moldavie
33%
401.7 57 Norvège
33%
525 122.5 Ouzbékistan
33%
393 86.9 Países Bajos
33%
447.8 267.7 Ruanda
33%
436.7 107.1 Rumania
33%
447 325 Simbabwe
33%
488 230 Somalia
33%
545.2 133.5 Tagikistan
33%
525 122.5 Uzbekistán
33%
180.9 203.6 Belize
32%
439 64.8 Estonia
32%
479 120 Georgia
32%
434.3 76.3 Litauen
32%
394.3 94.2 Luxemburgo
32%
208 292 Pérou
32%
414 93.8 Repubblica Ceca
32%
482.1 179.9 Saudi-Arabien
32%
502 182.5 Emiratos Árabes Unidos
31%
467 309.5 Moçambique
31%
421 113 Bosnia and Herzegovina
30%
418 108 Croacia
30%
418 108 Croazia
30%
476.4 221.6 Dschibuti
30%
437 52 Finlandia
30%
462.3 158.9 Jordanie
30%
461.7 146.8 Lebanon
30%
401.7 57 Noruega
30%
414 93.8 República Checa
30%
467 143 Syrie
30%
583 181.8 Bangladesh
29%
421 113 Bosnia ed Erzegovina
29%
421 113 Bosnia y Herzegovina
29%
439 64.8 Estland
29%
439 64.8 Estonie
29%
479 120 Georgien
29%
430 129 Grécia
29%
430 129 Grecia
29%
462.3 158.9 Jordanien
29%
438 70.6 Lettland
29%
429.5 121.7 Macedónia
29%
456 307 Malawi
29%
444.4 102 Moldawien
29%
467 143 Syrien
29%
624.3 219.9 Vietnam
29%
616 219.1 Camboja
28%
218 384 Chili
28%
502 182.5 Emirati Arabi Uniti
28%
430 129 Grecia
28%
456 307 Malawi
28%
366 153.5 Maroc
28%
444.4 102 Moldavia
28%
413 106.5 Slovénie
28%
383 232.4 Togo
28%
584.1 169.4 Bhoutan
27%
447 171.3 Egito
27%
423 98 Eslováquia
27%
423 98 Eslovaquia
27%
378.2 234.5 Ghana
27%
423.7 117.8 Montenegro
27%
448.5 209.5 Soudan
27%
383 232.4 Togo
27%
401 148 Tunísia
27%
408.5 120.7 Vatican
27%
425.5 124 Albania
26%
221 197 Dominican Republic
26%
502 182.5 Émirats arabes unis
26%
218 196 Haiti
26%
459 157 Israël
26%
459 157 Israel
26%
488.3 208.2 Jemen
26%
429.5 121.7 Macédoine
26%
509.33 187.2 Oman
26%
423 98 Slovacchia
26%
425.5 124 Albania
25%
425.5 124 Albânia
25%
583 181.8 Bangladesch
25%
447.8 272.6 Burundi
25%
221 197 Dominikanische Republik
25%
218 196 Haïti
25%
218 196 Haiti
25%
218 196 Haití
25%
221 197 Repubblica Dominicana
25%
221 197 República Dominicana
25%
221 197 République dominicaine
25%
408.5 113.9 Saint-Marin
25%
427.6 113 Serbie
25%
451.3 350.1 Suazilandia
25%
502 182.5 Vereinigte Arabische Emirate
25%
241.4 204 Antigua and Barbuda
24%
241.4 204 Antigua e Barbuda
24%
241.4 204 Antígua e Barbuda
24%
241.4 204 Antigua-et-Barbuda
24%
241.4 204 Antigua und Barbuda
24%
241.4 204 Antigua y Barbuda
24%
683 342 Australia
24%
683 342 Austrália
24%
683 342 Australie
24%
683 342 Australien
24%
209 180.9 Bahamas
24%
494.3 174 Bahrain
24%
494.3 174 Bahreïn
24%
494.3 174 Bahrein
24%
246.5 217 Barbade
24%
246.5 217 Barbados
24%
494.3 174 Baréin
24%
326.7 206.9 Cabo Verde
24%
616 219.1 Cambodge
24%
616 219.1 Cambogia
24%
616 219.1 Camboya
24%
326.7 206.9 Cape Verde
24%
326.7 206.9 Capo Verde
24%
326.7 206.9 Cap-Vert
24%
455.3 143.7 Chipre
24%
455.3 143.7 Chypre
24%
455.3 143.7 Cipro
24%
479.4 301.4 Comoras
24%
479.4 301.4 Comores
24%
479.4 301.4 Comoros
24%
206 190.2 Cuba
24%
455.3 143.7 Cyprus
24%
242.4 209.5 Dominica
24%
242.4 209.5 Dominique
24%
717.7 235.2 Estados Federados de Micronesia
24%
717.7 235.2 Estados Federados da Micronésia
24%
717.7 235.2 Federated States of Micronesia
24%
782.9 320.1 Fidji
24%
782.9 320.1 Fidschi
24%
782.9 320.1 Figi
24%
782.9 320.1 Fiji
24%
657 220.6 Filipinas
24%
657 220.6 Filippine
24%
782.9 320.1 Fiyi
24%
717.7 235.2 Föderierte Staaten von Mikronesien
24%
206 200.2 Giamaica
24%
693.3 140 Giappone
24%
241.6 220.6 Granada
24%
241.6 220.6 Grenada
24%
241.6 220.6 Grenade
24%
341 43 Iceland
24%
510.1 329.1 Île Maurice
24%
760.6 232.2 Îles Marshall
24%
760.6 232.2 Ilhas Marshall
24%
742.1 295 Ilhas Salomão
24%
341 43 Island
24%
341 43 Islanda
24%
341 43 Islande
24%
341 43 Islândia
24%
341 43 Islandia
24%
760.6 232.2 Islas Marshall
24%
742.1 295 Islas Salomón
24%
760.6 232.2 Isole Marshall
24%
742.1 295 Isole Salomone
24%
206 200.2 Jamaica
24%
206 200.2 Jamaika
24%
206 200.2 Jamaïque
24%
693.3 140 Japan
24%
693.3 140 Japão
24%
693.3 140 Japon
24%
693.3 140 Japón
24%
462.3 158.9 Jordânia
24%
326.7 206.9 Kap Verde
24%
21 272 Kiribati
24%
479.4 301.4 Komoren
24%
206 190.2 Kuba
24%
486 324.3 Madagascar
24%
486 324.3 Madagáscar
24%
486 324.3 Madagaskar
24%
545.9 248.9 Maldivas
24%
545.9 248.9 Maldive
24%
545.9 248.9 Maldives
24%
545.9 248.9 Malediven
24%
412.9 141.1 Malta
24%
412.9 141.1 Malte
24%
760.6 232.2 Marshallinseln
24%
760.6 232.2 Marshall Islands
24%
510.1 329.1 Maurícia
24%
510.1 329.1 Mauricio
24%
510.1 329.1 Mauritius
24%
717.7 235.2 Micronésie
24%
423.7 117.8 Monténégro
24%
467 309.5 Mosambik
24%
756.2 263.4 Nauru
24%
776.7 391.9 Neuseeland
24%
776.7 391.9 New Zealand
24%
776.7 391.9 Nouvelle-Zélande
24%
776.7 391.9 Nova Zelândia
24%
776.7 391.9 Nueva Zelanda
24%
776.7 391.9 Nuova Zelanda
24%
680.5 241.3 Palaos
24%
680.5 241.3 Palau
24%
657 220.6 Philippinen
24%
657 220.6 Philippines
24%
414 93.8 République tchèque
24%
239.4 203.4 Saint-Christophe- et-Niévès
24%
243.2 214.6 Sainte-Lucie
24%
239.4 203.4 Saint Kitts and Nevis
24%
239.4 203.4 Saint Kitts e Nevis
24%
243.2 214.6 Saint Lucia
24%
242.7 216.8 Saint Vincent and the Grenadines
24%
242.7 216.8 Saint Vincent e Grenadine
24%
242.7 216.8 Saint-Vincent-et-les- Grenadines
24%
742.1 295 Salomon
24%
742.1 295 Salomonen
24%
802.8 307.7 Samoa
24%
239.4 203.4 San Cristóbal y Nieves
24%
243.2 214.6 Santa Lucia
24%
243.2 214.6 Santa Lúcia
24%
243.2 214.6 Santa Lucía
24%
395.5 260.6 Santo Tomé y Príncipe
24%
242.7 216.8 San Vicente y las Granadinas
24%
239.4 203.4 São Cristóvão e Nevis
24%
395.5 260.6 São Tomé and Príncipe
24%
395.5 260.6 Sao Tome e Principe
24%
395.5 260.6 São Tomé e Príncipe
24%
395.5 260.6 Sao Tomé-et-Principe
24%
395.5 260.6 São Tomé und Príncipe
24%
242.7 216.8 São Vicente e Granadinas
24%
427.6 113 Sérvia
24%
505.5 277 Seychellen
24%
505.5 277 Seychelles
24%
614.2 256.7 Singapore
24%
614.2 256.7 Singapour
24%
614.2 256.7 Singapur
24%
614.2 256.7 Singapura
24%
467 143 Síria
24%
742.1 295 Solomon Islands
24%
717.7 235.2 Stati Federati di Micronesia
24%
239.4 203.4 St. Kitts und Nevis
24%
243.2 214.6 St. Lucia
24%
242.7 216.8 St. Vincent und die Grenadinen
24%
451.3 350.1 Swaziland
24%
608 207.9 Tailândia
24%
608 207.9 Tailandia
24%
652.9 182.1 Taiwan
24%
652.9 182.1 Taïwan
24%
652.9 182.1 Taiwán
24%
608 207.9 Thaïlande
24%
608 207.9 Thailandia
24%
798.1 328.7 Tonga
24%
242.5 226.6 Trinidad and Tobago
24%
242.5 226.6 Trinidad e Tobago
24%
242.5 226.6 Trinidad und Tobago
24%
242.5 226.6 Trinidad y Tobago
24%
242.5 226.6 Trinité-et-Tobago
24%
804.5 282.8 Tuvalu
24%
755.5 318.6 Vanuatu
24%
455.3 143.7 Zypern
24%
384 118.7 Andorra
23%
391 91 Belgio
23%
424.4 103.1 Hungria
23%
635.5 264 Indonésie
23%
459 157 Israel
23%
427.5 118.5 Kosovo
23%
444 360.5 Lesotho
23%
402 103.1 Liechtenstein
23%
394.3 94.2 Lussemburgo
23%
393 86.9 Paesi Bassi
23%
703.7 282.4 Papouasie-Nouvelle- Guinée
23%
448.5 209.5 Sudão
23%
377 86 Vereinigtes Königreich
23%
466.3 209.2 Érythrée
22%
406.5 264 Gabun
22%
427.5 118.5 Kosovo
22%
461.7 146.8 Liban
22%
383 232.4 Togo
22%
437.8 117.9 Bulgária
21%
378.2 234.5 Gana
21%
635.5 264 Indonesien
21%
487 162.9 Kuwait
21%
461.7 146.8 Líbano
21%
359.2 239.6 Libéria
21%
402 103.1 Liechtenstein
21%
610.3 247.2 Malaisie
21%
366 153.5 Marokko
21%
366 153.5 Marrocos
21%
429.5 121.7 Mazedonien
21%
413 106.5 Slowenien
21%
562 235.3 Sri Lanka
21%
425.5 124 Albanie
20%
638.6 246.1 Brunei
20%
437.8 117.9 Bulgarie
20%
401.5 73.5 Dinamarca
20%
404 255.8 Equatorial Guinea
20%
430 129 Grèce
20%
461.7 146.8 Libanon
20%
359.2 239.6 Liberia
20%
402 103.1 Liechtenstein
20%
377 86 Royaume-Uni
20%
354 232.9 Serra Leoa
20%
354 232.9 Sierra Leone
20%
525 122.5 Usbekistan
20%
401.5 73.5 Danemark
19%
397.2 114.5 Monaco
19%
397.2 114.5 Mónaco
19%
354 232.9 Sierra Leone
19%
562 235.3 Sri Lanka
19%
401 148 Tunisie
19%
425.5 124 Albanien
18%
476.4 221.6 Djibouti
18%
344 216 Gambia
18%
344 216 Gâmbia
18%
347.7 220.3 Guiné-Bissau
18%
444 360.5 Lesotho
18%
664.3 290.8 Timor oriental
18%
418 108 Croatie
17%
347.7 220.3 Guinea-Bissau
17%
347.7 220.3 Guinée-Bissau
17%
427.5 118.5 Kosovo
17%
359.2 239.6 Liberia
17%
397.2 114.5 Monaco
17%
423.7 117.8 Montenegro
17%
427.6 113 Serbien
17%
354 232.9 Sierra Leona
17%
669 139 South Korea
17%
437.8 117.9 Bulgarien
16%
495.7 176.2 Catar
16%
418 108 Croácia
16%
466.3 209.2 Eritreia
16%
421 113 Bósnia e Herzegovina
15%
421 113 Bosnie-Herzégovine
15%
430 129 Griechenland
15%
404 255.8 Guinea Ecuatorial
15%
404 255.8 Guinea Equatoriale
15%
377 86 Reino Unido
15%
408.5 113.9 San Marino
15%
401 148 Túnez
15%
344 216 Gambie
14%
404 255.8 Guinée équatoriale
14%
456 307 Malawi
14%
436.7 107.1 Romênia
14%
451.3 350.1 Swasiland
14%
204 265.5 Équateur
13%
363 82.5 Irland
13%
487 162.9 Koweït
13%
487 162.9 Kuweit
13%
402 103.1 Liechtenstein
13%
414.3 60.5 Suécia
13%
414.3 60.5 Suecia
13%
451.3 350.1 Swaziland
13%
495.7 176.2 Qatar
12%
444 360.5 Lesoto
11%
391 91 Bélgica
10%
418 108 Kroatien
10%
394.3 94.2 Luxemburgo
10%
393 86.9 Países Baixos
10%
495.7 176.2 Qatar
10%
377 86 Regno Unito
10%
414.3 60.5 Suède
10%
408.5 120.7 Vatikanstadt
10%
363 82.5 Irlanda
9%
495.7 176.2 Katar
9%
402 103.1 Liechtenstein
9%
421 113 Bosnien und Herzegowina
8%
401.5 73.5 Danimarca
8%
363 82.5 Irlanda
8%
363 82.5 Irlande
8%
361.7 127.6 Portogallo
8%
638.6 246.1 Brunei
7%
401.5 73.5 Dinamarca
7%
444 360.5 Lesoto
7%
397.2 114.5 Mônaco
7%
664.3 290.8 Osttimor
7%
414.3 60.5 Svezia
7%
638.6 246.1 Brunei
6%
638.6 246.1 Brunéi
6%
495.7 176.2 Catar
6%
363 82.5 Irlanda
6%
459 157 Israele
6%
461.7 146.8 Libano
6%
703.7 282.4 Papua-Neuguinea
6%
401 148 Tunesien
5%
444.4 102 Moldavia
4%
669 139 Südkorea
4%
404 255.8 Äquatorial-Guinea
3%
444.4 102 Moldávia
3%
451.3 350.1 Suazilândia
3%
669 139 Corea del Sur
2%
404 255.8 Guiné Equatorial
2%
669 139 Corea del Sud
1%
669 139 Corée du Sud
1%
669 139 Coréia do Sul
1%
525 122.5 Uzbequistão
1%
No matching quizzes found
Score Distribution
Percent of People with Each Score
Percentile by Number Answered
Your Score History
You have not taken this quiz